Statistics for World Capitals Closest to Jakarta - 15 Second Sprint

Click here to take the quiz!

General Stats

  • This quiz has been taken 23 times
  • The average score is 5 of 20

Answer Stats

kmcapitalmiles% Correct
1188Kuala Lumpur738
75%
898Singapore558
70%
2082Dili1294
65%
1528Bandar Seri
Begawan
949
60%
2327Bangkok1446
60%
2795Manila1736
45%
3034Hanoi1885
40%
4459Port Moresby2771
30%
1988Phnom Penh1235
20%
3789Dhaka2354
15%
5014New Delhi3115
15%
2731Vientiane1697
15%
5222Beijing3245
10%
3829Taipei2379
10%
3328Colombo2068
5%
3882Malé2412
5%
3121Naypyidaw1939
5%
4428Kathmandu2752
0%
3441Ngerulmud2138
0%
4182Thimphu2599
0%

Score Distribution

Percentile by Number Answered

Percent of People with Each Score

Your Score History

You have not taken this quiz